000 00721nam a22002177a 4500
999 _c15309
_d15309
003 AR-CdUCM
008 190426b ||||| |||| 00| 0 spa d
020 _a978-968-16-8368-9
040 _aMUNICIPALIDAD PROVINCIAL DEL CUSCO
_cBIBLIOTECA MUNICIPAL DEL CUSCO
082 _aPI / 808.06 /
_bS71
100 _aSáez, Javier
_934355
245 _aLibro caracol /
260 _aMéxico D.F. :
_bFondo de cultura económica,
_c2007.
300 _a24 paginas ;
_bIlustraciones,
_c29 cm.
440 _aColección los especiales a la orilla del viento
_934338
650 _aLiteratura infantil
_9588
650 _aEl caracol
_934356
650 _aTexto de aventura
_934344
942 _2ddc
_cLIBROS
945 _awnts
_d2019-04-26